Existential-Humanistic Therapy over time. (Record no. 276293)
[ view plain ]
| 000 -LEADER | |
|---|---|
| fixed length control field | 00477nam a2200169 a 4500 |
| 005 - DATE AND TIME OF LATEST TRANSACTION | |
| control field | 20141022142001.0 |
| 008 - FIXED-LENGTH DATA ELEMENTS--GENERAL INFORMATION | |
| fixed length control field | 110118s19uu xx 00 eng d |
| 020 ## - INTERNATIONAL STANDARD BOOK NUMBER | |
| International Standard Book Number | 9781433804229 |
| 050 ## - LIBRARY OF CONGRESS CALL NUMBER | |
| Classification number | DVD |
| Item number | Sch5 2009 |
| 100 ## - MAIN ENTRY--PERSONAL NAME | |
| Personal name | Schneider, Kirk J. |
| 245 ## - TITLE STATEMENT | |
| Title | Existential-Humanistic Therapy over time. |
| 260 ## - PUBLICATION, DISTRIBUTION, ETC. (IMPRINT) | |
| Name of publisher, distributor, etc | APA, |
| Date of publication, distribution, etc | 2009. |
| 440 ## - SERIES STATEMENT/ADDED ENTRY--TITLE | |
| Title | Series VIII-Psychotherapy in six sessions |
| 650 ## - SUBJECT ADDED ENTRY--TOPICAL TERM | |
| Topical term or geographic name as entry element | Therapy -Human treatment. |
| 650 ## - SUBJECT ADDED ENTRY--TOPICAL TERM | |
| Topical term or geographic name as entry element | Therapy-Psycholohy. |
| 942 ## - ADDED ENTRY ELEMENTS (KOHA) | |
| Koha item type | Audio Visual Materials |
| Withdrawn status | Lost status | Damaged status | Use restrictions | Home library | Current library | Shelving location | Date acquired | Source of acquisition | Cost, normal purchase price | Total Checkouts | Full call number | Barcode | Date last seen | Price effective from | Koha item type |
|---|---|---|---|---|---|---|---|---|---|---|---|---|---|---|---|
| College Library | College Library | Audio Visual Material Section | 01/18/2011 | 34713.00 | DVD Sch5 2009 | AVM0109 | 11/11/2014 | 04/12/2014 | Audio Visual Materials |